LEADER 01211nam--2200373---450- 001 990002811170203316 005 20060912094551.0 035 $a000281117 035 $aUSA01000281117 035 $a(ALEPH)000281117USA01 035 $a000281117 100 $a20060912h1989----km-y0itay50------ba 101 $aita 102 $aIT 105 $aa---||||001yy 200 1 $a<>acquedotto romano di Pesaro$emostra sulle esplorazioni in corso del sistema storico di approvvigionamento idrico della citta$fComune di Pesaro, Assessorato ai problemi ambientali ... [et al.]$g[a cura di Maria Teresa Di Luca] 210 $aPesaro$cAPSA$dcopyr. 1989 215 $a35 p.$cill.$d28 cm 410 0$12001 454 1$12001 461 1$1001-------$12001 606 0 $aAcquedotti romani$yPesaro 676 $a945.677 702 1$aDI LUCA,$bMaria Teresa 712 01$aPesaro : Assessorato ai problemi ambientali 801 0$aIT$bsalbc$gISBD 912 $a990002811170203316 951 $aI MO PES 1$b6536 DBC$cI MO 959 $aBK 969 $aDBC 979 $aDBC$b90$c20060912$lUSA01$h0942 979 $aDBC$b90$c20060912$lUSA01$h0945 996 $aAcquedotto romano di Pesaro$9228966 997 $aUNISA LEADER 01717nas 2200505 c 450 001 9910892670603321 005 20260218111658.0 024 7 $aurn:nbn:de:hbz:061:3-2167 035 $a(DE-599)ZDB2536230-6 035 $a(OCoLC)1368525164 035 $a(DE-101)999871846 035 $a(CKB)5600000000500711 035 $a(DE-599)2536230-6 035 $a(EXLCZ)995600000000500711 100 $a20100129b19872008 |y | 101 0 $ager 135 $aur||||||||||| 181 $ctxt$2rdacontent 182 $cc$2rdamedia 183 $acr$2rdacarrier 200 10$aStatistische Berichte / Landesamt fu?r Datenverarbeitung und Statistik Nordrhein-Westfalen$hH$hI - j$iStraßenverkehrsunfa?lle in Nordrhein-Westfalen 210 31$aDu?sseldorf$cLandesamt fu?r Datenverarbeitung und Statistik Nordrhein-Westfalen$d1987-2008 215 $aOnline-Ressource 300 $aGesehen am 21.09.2022 517 1 $aStatistische Berichte / H / 1 j 517 1 $aStraßenverkehrsunfa?lle in NRW (ja?hrlich) 606 $aVerkehrsunfall$3(DE-588)4062983-1$3https://d-nb.info/gnd/4062983-1$3(DE-101)04062983X$9rswk-swf$2gnd 607 $aNordrhein-Westfalen$9rswk-swf$2gnd 608 $aZeitschrift$2gnd-content 608 $aStatistik$2gnd-content 608 $aStatistik$9rswk-swf$2gnd 608 $aOnline-Publikation$9rswk-swf$2gnd 615 7$aVerkehrsunfall. 676 $a310 676 $a380 686 $aNordrhein-Westfalen$2nwbib 686 $aStraßenverkehr$2nwbib 712 02$aNordrhein-Westfalen$4isb 801 0$b9001 801 1$bDE-101 801 2$b9999 906 $aJOURNAL 912 $a9910892670603321 996 $aStatistische Berichte$91920339 997 $aUNINA